000 01785nam a2200301Ia 4500
005 20260416153236.0
008 26011722025 caua |||||||| |||| eng 0 eng d
020 _a9798888142370
040 _aaue
_beng
_caue
_erda
041 _aeng
050 0 _aTT507
_b.H66 2025.
100 1 _aHong, Zoë.
245 0 _aFashion School in a Book Design Journal:
_bThe Practical Workbook for Collection Development /
_cZoë Hong.
260 _c2025
264 1 _aCalifornia:
_bRocky Nook,
_c2025.
300 _a227 pages:
_billustrations ;
_c2025.
336 _2rdacontent
_atext
_btxt
337 _2rdamedia
_aunmediated
_bn
338 _2rdacarrier
_avolume
_bnc
500 _aWorkbook and design journal for fashion collection development.
520 _aDesign your fashion collection and create a work-in-progress portfolio with the artistic direction in this design journal! Author, designer, and instructor Zoë Hong’s Fashion School in a Book outlines the workflow for creating a fashion collection. The text offers lessons on how to develop a cohesive (environmentally sustainable!) collection based on shapes, silhouettes, colors, patterns, and fabrics. As you make your way through the exercises in the book, this Fashion School in a Book Design Journal becomes a record of your collection in progress. By the end of the course, you’ll have created a portfolio of your work in these pages. Fashion School in a Book. Fashion School in a Booklays out the path to New York, Paris, or Milan—and the Fashion School in a Book Design Journalis your ticket there!
650 0 _aFashion design.
650 0 _aFashion design
_xStudy and teaching.
650 0 _aFashion design
_xPractice.
650 0 _aClothing and dress
_xDesign.
942 _cBK
_2lcc
_n0
999 _c30385
_d30385